| 000 | 00600nam a2200229 a 4500 | ||
|---|---|---|---|
| 001 | 000030042 | ||
| 003 | DO-SdBNP | ||
| 005 | 20220530104314.0 | ||
| 007 | ta | ||
| 008 | 110428s2014 dr 000 0 spa d | ||
| 040 |
_aDO-SdBNP _bspa _cBNPHU |
||
| 049 | _aBNPD | ||
| 082 |
_axxx _bN446m |
||
| 100 |
_aNeris, Rubén _981720 |
||
| 245 | 0 | 0 |
_aManual de fisíca básica II / _cRubén Neris |
| 260 |
_aSanto Domingo : _bUniversidad Iberoamericana (UNIBE), _c2014 |
||
| 300 |
_a148 p. : _bil. ; _c28 cm. |
||
| 590 | _aInventariado, 2022 / DG | ||
| 710 | _956753 | ||
| 910 | _aDG | ||
| 942 |
_2ddc _cLBS1 |
||
| 999 |
_c51836 _d51836 |
||